The philosophy of science / (Record no. 20310)
[ view plain ]
| 000 -LEADER | |
|---|---|
| fixed length control field | 01135pam a2200313 a 4500 |
| 001 - CONTROL NUMBER | |
| control field | 3887889 |
| 003 - CONTROL NUMBER IDENTIFIER | |
| control field | ARRUPE |
| 005 - DATE AND TIME OF LATEST TRANSACTION | |
| control field | 20170803091330.0 |
| 008 - FIXED-LENGTH DATA ELEMENTS--GENERAL INFORMATION | |
| fixed length control field | 901004s1991 maua b 001 0 eng |
| 010 ## - LIBRARY OF CONGRESS CONTROL NUMBER | |
| LC control number | 90020350 |
| 020 ## - INTERNATIONAL STANDARD BOOK NUMBER | |
| International Standard Book Number | 0262023156 |
| 020 ## - INTERNATIONAL STANDARD BOOK NUMBER | |
| International Standard Book Number | 0262521563 (pbk.) |
| 040 ## - CATALOGING SOURCE | |
| Original cataloging agency | DLC |
| Transcribing agency | DLC |
| Modifying agency | DLC |
| 050 00 - LIBRARY OF CONGRESS CALL NUMBER | |
| Classification number | Q175.3 |
| Item number | .P47 1991 |
| 082 00 - DEWEY DECIMAL CLASSIFICATION NUMBER | |
| Classification number | 121 |
| Edition number | 20 |
| 300 ## - PHYSICAL DESCRIPTION | |
| Other physical details | ill. ; |
| Dimensions | 27 cm. |
| 245 04 - TITLE STATEMENT | |
| Title | The philosophy of science / |
| Statement of responsibility, etc | edited by Richard Boyd, Philip Gasper, and J.D. Trout. |
| 260 ## - PUBLICATION, DISTRIBUTION, ETC. (IMPRINT) | |
| Place of publication, distribution, etc | Cambridge, Mass. : |
| Name of publisher, distributor, etc | MIT Press, |
| Date of publication, distribution, etc | c1991. |
| 300 ## - PHYSICAL DESCRIPTION | |
| Extent | xvi, 800 p. : |
| 500 ## - GENERAL NOTE | |
| General note | "A Bradford book." |
| 504 ## - BIBLIOGRAPHY, ETC. NOTE | |
| Bibliography, etc | Includes bibliographical references (p. [783]-787) and indexes. |
| 650 #0 - SUBJECT ADDED ENTRY--TOPICAL TERM | |
| Topical term or geographic name as entry element | Science |
| General subdivision | Philosophy. |
| 9 (RLIN) | 34525 |
| 650 #0 - SUBJECT ADDED ENTRY--TOPICAL TERM | |
| Topical term or geographic name as entry element | Social sciences |
| General subdivision | Philosophy. |
| 9 (RLIN) | 34526 |
| 700 1# - ADDED ENTRY--PERSONAL NAME | |
| Personal name | Boyd, Richard. |
| 9 (RLIN) | 34527 |
| 700 1# - ADDED ENTRY--PERSONAL NAME | |
| Personal name | Gasper, Philip. |
| 9 (RLIN) | 34528 |
| 700 1# - ADDED ENTRY--PERSONAL NAME | |
| Personal name | Trout, J. D. |
| 9 (RLIN) | 34529 |
| 906 ## - LOCAL DATA ELEMENT F, LDF (RLIN) | |
| a | 7 |
| b | cbc |
| c | orignew |
| d | 1 |
| e | ocip |
| f | 19 |
| g | y-gencatlg |
| 942 ## - ADDED ENTRY ELEMENTS (KOHA) | |
| Source of classification or shelving scheme | Library of Congress Classification |
| Koha item type | Monograph ( Printed materials) |
| Withdrawn status | Lost status | Source of classification or shelving scheme | Damaged status | Not for loan | Collection code | Home library | Current library | Shelving location | Date acquired | Total Checkouts | Full call number | Barcode | Date last seen | Date checked out | Copy number | Price effective from | Koha item type | Public note |
|---|---|---|---|---|---|---|---|---|---|---|---|---|---|---|---|---|---|---|
| Library of Congress Classification | Main Collection | ARRUPE LIBRARY | ARRUPE LIBRARY | Main Collection | 04/03/2013 | 6 | Q175.3.P47 1991 | 46003069014 | 03/07/2019 | 06/11/2018 | 1 | 04/03/2013 | Monograph ( Printed materials) | |||||
| Library of Congress Classification | Main Collection | ARRUPE LIBRARY | ARRUPE LIBRARY | Main Collection | 04/03/2013 | 6 | Q175.3.P47 1991 | 46003069010 | 03/07/2019 | 14/03/2018 | 2 | 04/03/2013 | REFERENCE | on reserve | ||||
| Library of Congress Classification | Main Collection | ARRUPE LIBRARY | ARRUPE LIBRARY | Main Collection | 20/09/2018 | 1 | Q175.3 .P47 1991 | 46600002099 | 03/07/2019 | 22/10/2018 | 3 | 20/09/2018 | Monograph ( Printed materials) | |||||
| Library of Congress Classification | Main Collection | ARRUPE LIBRARY | ARRUPE LIBRARY | Main Collection | 08/10/2021 | Q175.3 .P47 1991 | 46600007676 | 08/10/2021 | 08/10/2021 | Monograph ( Printed materials) |